MARC

LEADER 00000nam0a2200000 4500
001 65886
005 20231031071011.0
010 |a 5335003693 
035 |a (RuTPU)RU\TPU\book\69936 
090 |a 65886 
100 |a 20040702d1990 km y0rusy50 ca 
101 0 |a rus 
102 |a RU 
105 |a a g 001zy 
200 1 |a Системы управления с цифровыми регуляторами  |e справочник  |f В. И. Гостев 
210 |a Киев  |c Тэхника  |d 1990 
215 |a 279 с.  |c ил. 
320 |a Библиогр.: с. 276-278. 
610 1 |a программное обеспечение 
610 1 |a системы управления 
610 1 |a автоматические системы 
610 1 |a регуляторы 
610 1 |a проектирование 
610 1 |a справочники 
675 |a 681.515(035)  |v 3 
700 1 |a Гостев  |b В. И.  |g Владимир Иванович 
801 1 |a RU  |b 63413507  |c 20040702  |g PSBO 
801 2 |a RU  |b 63413507  |c 20150202  |g PSBO 
900 |a Программное моделирование 
900 |a Программное обеспечение САПР 
900 |a Программное управление технологическим оборудованием 
942 |c BK